<?xml version="1.0" encoding="UTF-8"?><?xml-stylesheet type="text/xsl" href="static/style.xsl"?><OAI-PMH xmlns="http://www.openarchives.org/OAI/2.0/" xmlns:xsi="http://www.w3.org/2001/XMLSchema-instance" xsi:schemaLocation="http://www.openarchives.org/OAI/2.0/ http://www.openarchives.org/OAI/2.0/OAI-PMH.xsd"><responseDate>2026-06-02T02:50:51Z</responseDate><request verb="GetRecord" identifier="oai:riuma.uma.es:10630/33141" metadataPrefix="marc">https://riuma.uma.es/rest/oai/request</request><GetRecord><record><header><identifier>oai:riuma.uma.es:10630/33141</identifier><datestamp>2026-02-03T11:27:18Z</datestamp><setSpec>com_10630_2254</setSpec><setSpec>col_10630_37953</setSpec></header><metadata><record xmlns="http://www.loc.gov/MARC21/slim" xmlns:dcterms="http://purl.org/dc/terms/" xmlns:doc="http://www.lyncode.com/xoai" xmlns:xsi="http://www.w3.org/2001/XMLSchema-instance" xsi:schemaLocation="http://www.loc.gov/MARC21/slim http://www.loc.gov/standards/marcxml/schema/MARC21slim.xsd">
   <leader>00925njm 22002777a 4500</leader>
   <datafield ind2=" " ind1=" " tag="042">
      <subfield code="a">dc</subfield>
   </datafield>
   <datafield ind2=" " ind1=" " tag="720">
      <subfield code="a">Machuca Prieto, Francisco</subfield>
      <subfield code="e">author</subfield>
   </datafield>
   <datafield ind2=" " ind1=" " tag="260">
      <subfield code="c">2014</subfield>
   </datafield>
   <datafield ind2=" " ind1=" " tag="520">
      <subfield code="a">Se presenta en este artículo las hipótesis de partida y objetivos principales de nuestra tesis doctoral, que se encuentra en su fase inicial. Dicho estudio se centra en el análisis del proceso de integración de las comunidades fenicio-púnicas de la Península Ibérica en las estructuras de dominación de Roma y su imperio, desde el final de la Segunda Guerra Púnica (206 a.C.) hasta época de los Flavios (mediados del siglo I d.C.), partiendo sobre todo de una perspectiva cultural e identitaria. Nuestro principal fin es explicar los procesos de construcción identitaria en el seno de tales comunidades ligados a su paulatina transformación en ciuitates romanas. Aspiramos también a superar los clásicos enfoques unidireccionales sobre el proceso de “romanización” en la Ulterior-Baetica, reinterpretando las conocidas persistencias culturales “púnicas” como reelaboraciones identitarias dentro del mundo romano.</subfield>
   </datafield>
   <datafield ind1="8" ind2=" " tag="024">
      <subfield code="a">https://hdl.handle.net/10630/33141</subfield>
   </datafield>
   <datafield tag="653" ind2=" " ind1=" ">
      <subfield code="a">Civilización clásica - Relaciones étnicas</subfield>
   </datafield>
   <datafield tag="653" ind2=" " ind1=" ">
      <subfield code="a">Postcolonialismo</subfield>
   </datafield>
   <datafield ind2="0" ind1="0" tag="245">
      <subfield code="a">Aproximación inicial a la integración de las comunidades fenicias de la península ibérica en el imperio romano desde una perspectiva poscolonial.</subfield>
   </datafield>
</record>
</metadata></record></GetRecord></OAI-PMH>